Vista normal
Vista MARC
Entrada Personal Name
Número de registros utilizados en: 1
001 - CONTROL NUMBER
- control field: 17038
003 - CONTROL NUMBER IDENTIFIER
- control field: DLC
005 - DATE AND TIME OF LATEST TRANSACTION
- control field: 20250508134653.0
008 - FIXED-LENGTH DATA ELEMENTS
- fixed length control field: 951204n| acannaab |n aaa
010 ## - LIBRARY OF CONGRESS CONTROL NUMBER
- LC control number: n 95116206
040 ## - CATALOGING SOURCE
- Original cataloging agency: DLC
- Transcribing agency: Mx-PuUPA
- Language of cataloging: spa
- Modifying agency: Mx-PuUPA
- Description conventions: rda
046 ## - SPECIAL CODED DATES
- Birth date: 1952
100 10 - HEADING--PERSONAL NAME
- Personal name: Siebel, Thomas M.,
- Dates associated with a name: 1952-
370 ## - ASSOCIATED PLACE
- Place of birth: Chicago, Illinois, Estados Unidos
373 ## - ASSOCIATED GROUP
- Associated group: Universidad de Illinois en Urbana-Champaign
- Start period: Escuela Shattuck-St. Mary's, Facultad de Negocios Gies
374 ## - OCCUPATION
- Occupation: Autor
375 ## - GENDER
- Gender: hombre
377 ## - ASSOCIATED LANGUAGE
- Language code: eng
670 ## - SOURCE DATA FOUND
- Source citation: Virtual selling, 1996:
- Information found: CIP t.p. (Thomas M. Siebel)